| 000 | 00986nam a22002897a 4500 | ||
|---|---|---|---|
| 001 | 8602 | ||
| 003 | FISKH | ||
| 005 | 20251002134146.0 | ||
| 008 | 251002b cb ||||| |||| 00| 0 eng d | ||
| 020 | _a9780721415390 | ||
| 040 |
_aFISKH _beng _cFISKH _dFISKH |
||
| 050 | _aPZ7 | ||
| 082 | _a398.21 | ||
| 100 |
_aDaly, Audrey _eAuthor |
||
| 245 |
_aFavourite Tales : _bThe Gingerbread man _cStevenson, Peter |
||
| 260 |
_aLoughborough : _bLadybird books LTD , _c1993 |
||
| 300 |
_a26 unnumbered pages : _bcolor illustrations ; _c18 cm |
||
| 505 | _aG | ||
| 520 | _aOne of a series which consists of a storybook plus audio recording narrated by a film/TV personality on one side and on the other side sound effects and music. | ||
| 521 | 8 |
_a330
_bLexile estimate |
|
| 521 | 8 |
_aG
_bRaz-Plus |
|
| 650 |
_aGingerbread man _vBaking |
||
| 650 |
_aTraditional literature _vJuvenile fiction |
||
| 700 |
_aStevenson, Peter _eIllustrator |
||
| 942 |
_2ddc _cBK _n0 |
||
| 999 |
_c8602 _d8602 |
||